[Event "Vic Primavera op 1st"]
[Site "Vic"]
[Date "2022.04.29"]
[Round "2"]
[White "Urena Casacuberta, Lluis"]
[Black "Franch Bessa, Julia"]
[Result "1-0"]
[WhiteElo "1901"]
[BlackElo "1525"]
[PlyCount "71"]
[EventDate "2022.04.22"]
[EventType "swiss"]
[EventRounds "8"]
[EventCountry "ESP"]
[SourceTitle "EXT 2023"]
[Source "ChessBase"]
[SourceDate "2022.10.05"]
[SourceVersion "1"]
[SourceVersionDate "2022.10.05"]
[SourceQuality "1"]

1. Nf3 d5 2. c4 Nf6 3. cxd5 Nxd5 4. Nc3 Nc6 5. g3 e5 6. d3 Be7 7. Bg2 Nxc3 8. bxc3 h5 9. h4 Bg4 10. Qb3 Rb8 11. Bg5 f6 12. Be3 g5 13. Rb1 gxh4 14. Nxh4 Bd7 15. Ng6 Na5 16. Rxh5 Nxb3 17. Rxh8+ Kf7 18. Rxd8 Bxd8 19. Nxe5+ fxe5 20. axb3 b6 21. Kd2 Bf6 22. Rh1 Rh8 23. Bd5+ Be6 24. Bxe6+ Kxe6 25. Rxh8 Bxh8 26. f4 Kf5 27. fxe5 Bxe5 28. Bf2 Kg4 29. e4 c5 30. d4 cxd4 31. cxd4 Bd6 32. Kd3 Kf3 33. Be1 Be7 34. b4 b5 35. e5 a6 36. d5 1-0

[Event "La Pobla de Lillet op-B 30th"]
[Site "La Pobla de Lillet"]
[Date "2021.08.09"]
[Round "8"]
[White "Franch Bessa, Julia"]
[Black "Gautier, Dorian"]
[Result "0-1"]
[WhiteElo "1556"]
[BlackElo "1693"]
[PlyCount "37"]
[EventDate "2021.08.02"]
[EventType "swiss"]
[EventRounds "9"]
[EventCountry "ESP"]
[SourceTitle "EXT 2022"]
[Source "ChessBase"]
[SourceDate "2021.10.06"]
[SourceVersion "1"]
[SourceVersionDate "2021.10.06"]
[SourceQuality "1"]

1. b4 e5 2. Bb2 Bxb4 3. Bxe5 Nf6 4. c4 0-0 5. e3 Nc6 6. Bb2 d5 7. cxd5 Nxd5 8. Nf3 Bg4 9. Be2 Be7 10. 0-0 Bf6 11. d4 Qe7 12. Ba3 Ncb4 13. Qb3 c5 14. Nbd2 a5 15. Rac1 a4 16. Qc4 Nxe3 17. Qxc5 Qxc5 18. dxc5 Nxf1 19. Bxf1 0-1

[Event "La Pobla de Lillet op-B 29th"]
[Site "La Pobla de Lillet"]
[Date "2019.08.08"]
[Round "7"]
[White "Taltavull Hidalgo, Artur"]
[Black "Franch Bessa, Julia"]
[Result "1-0"]
[WhiteElo "1648"]
[BlackElo "1590"]
[PlyCount "75"]
[EventDate "2019.08.02"]
[EventType "swiss"]
[EventRounds "9"]
[EventCountry "ESP"]
[SourceTitle "EXT 2022"]
[Source "ChessBase"]
[SourceDate "2021.10.06"]
[SourceVersion "1"]
[SourceVersionDate "2021.10.06"]
[SourceQuality "1"]

1. e4 d5 2. exd5 Nf6 3. d4 Nxd5 4. c4 Nb6 5. b3 g6 6. Bb2 Bg7 7. Ne2 0-0 8. g3 Re8 9. Bg2 e5 10. d5 c6 11. Nbc3 cxd5 12. Nxd5 Nxd5 13. Bxd5 Nc6 14. 0-0 Bh3 15. Bg2 Bxg2 16. Kxg2 Qc7 17. Nc3 Rad8 18. Nd5 Qb8 19. Qc2 Ne7 20. Rad1 Nxd5 21. Rxd5 Rxd5 22. cxd5 Rc8 23. Qe2 Qd6 24. Rd1 f6 25. Qb5 b6 26. Qa4 Qb8 27. Ba3 b5 28. Qa5 Qb7 29. Kg1 f5 30. d6 Qd7 31. Qd2 e4 32. Qd5+ Kh8 33. Rc1 Rxc1+ 34. Bxc1 h5 35. Qc5 Bf8 36. Bf4 Kh7 37. Qc7 Qg7 38. Be5 1-0

[Event "Sitges Sunway op-B 2nd"]
[Site "Sitges"]
[Date "2015.12.13"]
[Round "1"]
[White "Franch Bessa, Julia"]
[Black "Costa Trave, Jaume"]
[Result "0-1"]
[WhiteElo "1672"]
[BlackElo "1964"]
[PlyCount "60"]
[EventDate "2015.12.13"]
[EventType "swiss"]
[EventRounds "9"]
[EventCountry "ESP"]
[SourceTitle "CBM 170 Extra"]
[Source "ChessBase"]
[SourceDate "2016.02.25"]
[SourceVersion "1"]
[SourceVersionDate "2016.02.25"]
[SourceQuality "1"]

1. e4 e6 2. d4 d5 3. Nc3 dxe4 4. Nxe4 Bd7 5. Nf3 Bc6 6. Ng3 Nf6 7. c3 Bd6 8. Bg5 h6 9. Bd2 Nbd7 10. Qe2 Bxf3 11. gxf3 c6 12. Ne4 Be7 13. f4 Qb6 14. b4 a5 15. Nc5 axb4 16. cxb4 Nd5 17. Bh3 Nxb4 18. 0-0 Nxc5 19. Bxb4 Qxb4 20. dxc5 Qxc5 21. Rab1 b5 22. Rfc1 Qd6 23. Bg2 0-0 24. Rxc6 Qxf4 25. Rb6 Rad8 26. R6xb5 Rd2 27. Qf1 Bd6 28. Rh5 Rxa2 29. Rh3 Rc8 30. Rg3 Rcc2 0-1

[Event "Moia op 4th"]
[Site "Moia"]
[Date "2015.10.16"]
[Round "5"]
[White "Ambros Pladellorens, Jordi"]
[Black "Franch Bessa, Julia"]
[Result "1-0"]
[WhiteElo "1937"]
[BlackElo "1826"]
[PlyCount "51"]
[EventDate "2015.09.18"]
[EventType "swiss"]
[EventRounds "8"]
[EventCountry "ESP"]
[SourceTitle "EXT 2017"]
[Source "ChessBase"]
[SourceDate "2016.10.25"]
[SourceVersion "1"]
[SourceVersionDate "2016.10.25"]
[SourceQuality "1"]

1. e4 e6 2. d4 d5 3. exd5 exd5 4. Nf3 Bd6 5. Bd3 Ne7 6. Bg5 0-0 7. 0-0 f6 8. Bh4 Bf5 9. Re1 Bxd3 10. Qxd3 Nd7 11. Nbd2 Rc8 12. Nf1 c6 13. Re2 Qc7 14. Rae1 Ng6 15. Bg3 Bxg3 16. hxg3 Nb6 17. Nh4 Nxh4 18. Re7 Qb8 19. gxh4 Nc4 20. h5 Nd6 21. h6 g6 22. Rg7+ Kh8 23. Ree7 Rf7 24. Rexf7 Nxf7 25. Rxf7 f5 26. Re7 1-0

[Event "Moia op 4th"]
[Site "Moia"]
[Date "2015.10.09"]
[Round "4"]
[White "Franch Bessa, Julia"]
[Black "Ferrer Fargas, Jordi"]
[Result "0-1"]
[WhiteElo "1826"]
[BlackElo "1929"]
[PlyCount "106"]
[EventDate "2015.09.18"]
[EventType "swiss"]
[EventRounds "8"]
[EventCountry "ESP"]
[SourceTitle "EXT 2017"]
[Source "ChessBase"]
[SourceDate "2016.10.25"]
[SourceVersion "1"]
[SourceVersionDate "2016.10.25"]
[SourceQuality "1"]

1. e4 c5 2. Nf3 d6 3. d4 cxd4 4. Nxd4 Nf6 5. Nc3 a6 6. Be2 e5 7. Nb3 Be6 8. f4 Be7 9. Be3 0-0 10. g4 Ne8 11. g5 exf4 12. Bxf4 Bxg5 13. Qd2 Bh4+ 14. Bg3 Qf6 15. Nd5 Bxd5 16. Qxd5 Bxg3+ 17. hxg3 Qxb2 18. Qxb7 Qc3+ 19. Kd1 Qc6 20. Qb4 Nd7 21. Bd3 Ne5 22. Rc1 Nf6 23. Ke2 Nfg4 24. Rh4 Rab8 25. Qd2 Qb6 26. Qf4 Qd8 27. Rxg4 Nxg4 28. Qxg4 Re8 29. Rh1 Re6 30. Qf5 h6 31. Nd4 Re5 32. Qf3 Qb6 33. Nf5 d5 34. Qf4 Rbe8 35. Rxh6 gxh6 36. Nxh6+ Kh7 37. Nxf7 Rxe4+ 38. Kd2 Qb4+ 39. Kc1 Kg7 40. Qg5+ Kxf7 41. Qxd5+ R8e6 42. Qf5+ Ke7 43. Qg5+ Kd6 44. Qd8+ Kc6 45. Qc8+ Kd5 46. Qd8+ Qd6 47. Qa5+ Qc5 48. Qd8+ Ke5 49. Qg5+ Kd4 50. Qd8+ Kc3 51. Qh8+ R4e5 52. Be2 Qg1+ 53. Bd1 Qe3+ 0-1

[Event "Moia op 4th"]
[Site "Moia"]
[Date "2015.09.25"]
[Round "2"]
[White "Franch Bessa, Julia"]
[Black "Bellpuig Mencos, Gerard"]
[Result "1-0"]
[WhiteElo "1826"]
[BlackElo "1700"]
[PlyCount "107"]
[EventDate "2015.09.18"]
[EventType "swiss"]
[EventRounds "8"]
[EventCountry "ESP"]
[SourceTitle "EXT 2017"]
[Source "ChessBase"]
[SourceDate "2016.10.25"]
[SourceVersion "1"]
[SourceVersionDate "2016.10.25"]
[SourceQuality "1"]

1. e4 g6 2. d4 Bg7 3. f4 d6 4. Nc3 a6 5. Nf3 Nf6 6. Be2 0-0 7. 0-0 b5 8. h3 Bb7 9. d5 b4 10. e5 dxe5 11. fxe5 Nxd5 12. Nxd5 Bxd5 13. Bg5 c6 14. Qc1 Re8 15. Bh6 Qb6+ 16. Kh1 Bxf3 17. Bxf3 Bxe5 18. c3 a5 19. Qg5 Qc7 20. Rad1 Na6 21. h4 Rad8 22. h5 Rxd1 23. Bxd1 e6 24. hxg6 hxg6 25. Bc2 Kh8 26. Qh4 f5 27. Rd1 Nc5 28. Be3+ Kg7 29. Qh6+ Kf7 30. Qg5 Rh8+ 31. Kg1 Bh2+ 32. Kf1 Qg3 33. Qxg3 Bxg3 34. Bxc5 Rh1+ 35. Ke2 Rxd1 36. Kxd1 bxc3 37. bxc3 e5 38. Ba4 Ke6 39. Bxc6 Bh4 40. Bb6 Kd6 41. Be8 g5 42. Bxa5 Kc5 43. Bb4+ Kc4 44. a3 e4 45. Bg6 f4 46. Bxe4 Bf2 47. Kc2 Bc5 48. Bf3 Kb5 49. Kd3 Bxb4 50. axb4 Kb6 51. Ke4 Kb5 52. Kf5 Kc4 53. Kxg5 Kxc3 54. b5 1-0

[Event "Figueres op-B 16th"]
[Site "Figueres"]
[Date "2015.08.11"]
[Round "1"]
[White "Franch Bessa, Julia"]
[Black "Granados Aguilera, Cristian"]
[Result "0-1"]
[WhiteElo "1672"]
[BlackElo "1710"]
[PlyCount "102"]
[EventDate "2015.08.11"]
[EventType "swiss"]
[EventRounds "7"]
[EventCountry "ESP"]
[SourceTitle "EXT 2016"]
[Source "ChessBase"]
[SourceDate "2015.10.08"]
[SourceVersion "1"]
[SourceVersionDate "2015.10.08"]
[SourceQuality "1"]

1. Nf3 Nf6 2. d4 e6 3. c4 d5 4. Nc3 Be7 5. Bg5 0-0 6. e3 b6 7. cxd5 exd5 8. Be2 Bb7 9. 0-0 Nbd7 10. Rc1 h6 11. Bf4 a6 12. h3 c5 13. Ne5 Nxe5 14. Bxe5 Rc8 15. Bf3 Ne4 16. Bg4 f5 17. Bh5 Bd6 18. Nxe4 fxe4 19. Bg4 Rc7 20. Bxd6 Qxd6 21. Rc2 Bc6 22. dxc5 bxc5 23. Qc1 Bb5 24. Rd1 Bd3 25. Rcd2 d4 26. Re1 Rcf7 27. exd4 cxd4 28. Qd1 e3 29. fxe3 Rf1+ 30. Rxf1 Rxf1+ 31. Qxf1 Bxf1 32. Kxf1 Qf6+ 33. Ke2 dxe3 34. Kxe3 Qe5+ 35. Kf2 Kf7 36. a3 Kf6 37. Re2 Qf4+ 38. Bf3 g5 39. Re8 Qd4+ 40. Kg3 Qxb2 41. Re3 Qd2 42. Rb3 Qf4+ 43. Kf2 Qh4+ 44. Kg1 Qd4+ 45. Kh2 a5 46. a4 Kg6 47. Rb7 h5 48. Rb5 g4 49. hxg4 hxg4 50. Bd5 Qxa4 51. Rb6+ Kg5 0-1

[Event "Moia op 3rd"]
[Site "Moia"]
[Date "2014.10.24"]
[Round "6"]
[White "Franch Bessa, Julia"]
[Black "Farell Duran, Josep"]
[Result "0-1"]
[WhiteElo "1843"]
[BlackElo "1766"]
[PlyCount "70"]
[EventDate "2014.09.19"]
[EventType "swiss"]
[EventRounds "8"]
[EventCountry "ESP"]
[SourceTitle "EXT 2016"]
[Source "ChessBase"]
[SourceDate "2015.10.08"]
[SourceVersion "1"]
[SourceVersionDate "2015.10.08"]
[SourceQuality "1"]

1. d4 d6 2. c4 g6 3. Nc3 Bg7 4. e4 b6 5. f4 c5 6. d5 Nf6 7. Nf3 0-0 8. Be2 a6 9. a4 Qc7 10. 0-0 Bg4 11. h3 Bxf3 12. Bxf3 Ra7 13. Qc2 Nbd7 14. Rb1 h6 15. Kh1 Kh7 16. h4 h5 17. Ne2 Rb8 18. Ng3 b5 19. f5 bxc4 20. fxg6+ fxg6 21. e5 Nxe5 22. Nxh5 Nxh5 23. Bxh5 Nd3 24. Qxc4 Rb4 25. Qxd3 Rxh4+ 26. Kg1 Rxh5 27. g4 c4 28. Qe4 Re5 29. Qh1+ Kg8 30. Qf3 Qc5+ 31. Kg2 Qxd5 32. Qxd5+ Rxd5 33. Be3 Rb7 34. Rf2 c3 35. Rc2 Rxb2 0-1

[Event "Moia op 3rd"]
[Site "Moia"]
[Date "2014.10.17"]
[Round "5"]
[White "Canellas Magide, Lluis"]
[Black "Franch Bessa, Julia"]
[Result "1-0"]
[WhiteElo "2208"]
[BlackElo "1843"]
[PlyCount "34"]
[EventDate "2014.09.19"]
[EventType "swiss"]
[EventRounds "8"]
[EventCountry "ESP"]
[SourceTitle "EXT 2016"]
[Source "ChessBase"]
[SourceDate "2015.10.08"]
[SourceVersion "1"]
[SourceVersionDate "2015.10.08"]
[SourceQuality "1"]

1. e4 e6 2. d4 d5 3. e5 c5 4. c3 Nc6 5. Nf3 Qb6 6. Bd3 Bd7 7. 0-0 f5 8. dxc5 Bxc5 9. b4 Be7 10. Be3 Qc7 11. Na3 Nxe5 12. Nxe5 Qxe5 13. Bd4 Qc7 14. Bxg7 Bf6 15. Bxh8 Bxh8 16. Qh5+ Kd8 17. Qxh7 Qxc3 1-0

[Event "Moia op 3rd"]
[Site "Moia"]
[Date "2014.10.10"]
[Round "4"]
[White "Franch Bessa, Julia"]
[Black "Cid Moragas, David"]
[Result "1-0"]
[WhiteElo "1843"]
[BlackElo "1726"]
[PlyCount "83"]
[EventDate "2014.09.19"]
[EventType "swiss"]
[EventRounds "8"]
[EventCountry "ESP"]
[SourceTitle "EXT 2016"]
[Source "ChessBase"]
[SourceDate "2015.10.08"]
[SourceVersion "1"]
[SourceVersionDate "2015.10.08"]
[SourceQuality "1"]

1. d4 d5 2. c4 dxc4 3. Na3 e5 4. d5 Bxa3 5. Qa4+ Qd7 6. Qxa3 Qxd5 7. Be3 b6 8. Rd1 Qa5+ 9. Qxa5 bxa5 10. Rc1 Ba6 11. Nf3 Nd7 12. Nd2 Ngf6 13. Nxc4 Bxc4 14. Rxc4 0-0 15. Rxc7 a6 16. g3 Rfc8 17. Rxc8+ Rxc8 18. Bg2 Rc2 19. 0-0 Rxb2 20. Rc1 Rb8 21. Rc6 Ng4 22. Ba7 Rd8 23. Rxa6 Nf8 24. Rxa5 Rd1+ 25. Bf1 e4 26. Bc5 Rd5 27. e3 g6 28. Bc4 Rd2 29. Ra8 Kg7 30. Bxf8+ Kf6 31. Ra6+ Kg5 32. h4+ Kf5 33. Bg7 f6 34. Ra5+ Ne5 35. g4+ Kxg4 36. Be6+ f5 37. Bxe5 Rd1+ 38. Kg2 Kxh4 39. Bg3+ Kg4 40. Ra7 h5 41. Bc4 h4 42. Be2+ 1-0

[Event "Moia op 3rd"]
[Site "Moia"]
[Date "2014.09.26"]
[Round "2"]
[White "Carrera Font, Daniel"]
[Black "Franch Bessa, Julia"]
[Result "0-1"]
[WhiteElo "1714"]
[BlackElo "1843"]
[PlyCount "56"]
[EventDate "2014.09.19"]
[EventType "swiss"]
[EventRounds "8"]
[EventCountry "ESP"]
[SourceTitle "EXT 2016"]
[Source "ChessBase"]
[SourceDate "2015.10.08"]
[SourceVersion "1"]
[SourceVersionDate "2015.10.08"]
[SourceQuality "1"]

1. e4 e6 2. Nf3 d5 3. exd5 exd5 4. d4 Nc6 5. Nc3 Be7 6. g3 Nf6 7. Bg2 0-0 8. 0-0 Bg4 9. Re1 h6 10. a3 a6 11. Ne2 Na5 12. Ne5 Bf5 13. Bd2 c6 14. Qc1 Nc4 15. Bxh6 gxh6 16. Qxh6 Nxe5 17. Qg5+ Bg6 18. dxe5 Nh7 19. Qg4 Bc5 20. e6 Qg5 21. Bh3 Qxg4 22. Bxg4 fxe6 23. Bxe6+ Kg7 24. Nf4 Rf6 25. Bf5 Nf8 26. Bxg6 Rxf4 27. gxf4 Nxg6 28. f5 Nh4 0-1

[Event "Moia op 2nd"]
[Site "Moia"]
[Date "2013.11.15"]
[Round "8"]
[White "Castano Sanchez, Tomas"]
[Black "Franch Bessa, Julia"]
[Result "0-1"]
[WhiteElo "1354"]
[BlackElo "1680"]
[PlyCount "77"]
[EventDate "2013.09.20"]
[EventType "swiss"]
[EventRounds "8"]
[EventCountry "ESP"]
[SourceTitle "EXT 2015"]
[Source "ChessBase"]
[SourceDate "2014.11.20"]
[SourceVersion "1"]
[SourceVersionDate "2014.11.20"]
[SourceQuality "1"]

1. d4 d5 2. e4 dxe4 3. Nc3 Nf6 4. f3 Bf5 5. Bg5 Nbd7 6. g4 Bg6 7. f4 e6 8. Bg2 Bb4 9. Nge2 c6 10. a3 Be7 11. Ng3 h6 12. Bh4 Nd5 13. Bxe7 Qxe7 14. Ncxe4 Nxf4 15. Qf3 Nxg2+ 16. Qxg2 Nf6 17. Nxf6+ Qxf6 18. 0-0-0 Qg5+ 19. Kb1 Qxg4 20. h3 Qh4 21. Rd2 0-0-0 22. Ne2 Be4 23. Qg3 Qxg3 24. Nxg3 Bxh1 25. Nxh1 Rd5 26. c4 Rf5 27. Ka2 Rf3 28. Nf2 Rd8 29. h4 e5 30. d5 cxd5 31. cxd5 f5 32. h5 Rd6 33. Nd1 e4 34. Rc2+ Kd7 35. Nc3 e3 36. Re2 f4 37. Kb3 Rh3 38. Kc4 f3 39. Rxe3 0-1

[Event "Figueres op 10th"]
[Site "Figueres"]
[Date "2009.08.08"]
[Round "9"]
[White "Franch Bessa, Julia"]
[Black "Mundet Riera, Joaquim"]
[Result "0-1"]
[WhiteElo "1712"]
[BlackElo "1890"]
[PlyCount "104"]
[EventDate "2009.08.01"]
[EventType "swiss"]
[EventRounds "9"]
[EventCountry "ESP"]
[SourceTitle "EXT 2010"]
[Source "ChessBase"]
[SourceDate "2010.11.25"]
[SourceVersion "1"]
[SourceVersionDate "2010.11.25"]
[SourceQuality "1"]

1. e4 d5 2. exd5 Qxd5 3. d4 Nf6 4. c4 Qd8 5. Nf3 Bg4 6. Be2 e6 7. 0-0 c6 8. Qb3 Qc7 9. Re1 Bd6 10. c5 Be7 11. Nbd2 Nbd7 12. Nc4 0-0 13. Nfe5 Bxe2 14. Rxe2 Nd5 15. Bd2 Nxe5 16. Nxe5 Rad8 17. Qh3 Nf6 18. Nf3 Rd5 19. Rae1 Rh5 20. Qg3 Qxg3 21. fxg3 Rd5 22. Bc3 Rfd8 23. Ne5 Nd7 24. Nf3 Bf6 25. a4 b6 26. cxb6 axb6 27. Rc1 c5 28. dxc5 Bxc3 29. c6 Bf6 30. cxd7 R5xd7 31. g4 h6 32. h4 Bd4+ 33. Kh2 Bc5 34. a5 Bd6+ 35. g3 bxa5 36. Ne5 Bxe5 37. Rxe5 Rd2+ 38. Kh3 Rxb2 39. Rxa5 Rdd2 40. Rh1 Rb3 41. Ra8+ Kh7 42. h5 Rd4 43. Ra7 Rf3 44. Rg1 Rdd3 45. Kh4 Rd2 46. Kh3 Rff2 47. Rh1 Rde2 48. Re7 e5 49. Rd7 e4 50. g5 hxg5 51. Kg4 Kh6 52. Rhd1 f5+ 0-1

[Event "Figueres op 10th"]
[Site "Figueres"]
[Date "2009.08.05"]
[Round "6"]
[White "Franch Bessa, Julia"]
[Black "Cano Egea, Gerard"]
[Result "1-0"]
[WhiteElo "1712"]
[BlackElo "1624"]
[PlyCount "67"]
[EventDate "2009.08.01"]
[EventType "swiss"]
[EventRounds "9"]
[EventCountry "ESP"]
[SourceTitle "EXT 2010"]
[Source "ChessBase"]
[SourceDate "2010.11.25"]
[SourceVersion "1"]
[SourceVersionDate "2010.11.25"]
[SourceQuality "1"]

1. e4 e6 2. d4 d5 3. Nd2 c5 4. c3 Nc6 5. Ngf3 Nf6 6. e5 Nd7 7. Bd3 Qb6 8. 0-0 cxd4 9. cxd4 Nxd4 10. Nxd4 Qxd4 11. Nb3 Qb6 12. Be3 Qd8 13. f4 b6 14. Rc1 Bb7 15. Bb5 Rc8 16. f5 exf5 17. Rxf5 a6 18. Bd3 Nc5 19. Nxc5 Bxc5 20. Bxc5 bxc5 21. e6 fxe6 22. Rh5 Rf8 23. Rxh7 Qf6 24. Bxa6 Qxb2 25. Bxb7 Rc7 26. Bxd5 exd5 27. Rb1 Qf2+ 28. Kh1 Rff7 29. Rb8+ Ke7 30. Rb1 Qxa2 31. Qe1+ Kd6 32. Qg3+ Ke6 33. Rb6+ Kd7 34. Qd6+ 1-0

[Event "Santpedor op 5th"]
[Site "Santpedor"]
[Date "2001.??.??"]
[Round "6"]
[White "Franch Bessa, Julia"]
[Black "Cots Estany, Jordi"]
[Result "1-0"]
[WhiteElo "1840"]
[BlackElo "1740"]
[PlyCount "49"]
[EventDate "2001.09.14"]
[EventType "swiss"]
[EventRounds "7"]
[EventCountry "ESP"]
[SourceTitle "EXT 2003"]
[Source "ChessBase"]
[SourceDate "2002.11.25"]
[SourceVersion "1"]
[SourceVersionDate "2002.11.25"]
[SourceQuality "1"]

1. Nf3 d5 2. c4 c6 3. e3 Bg4 4. b3 Bxf3 5. Qxf3 d4 6. Bb2 dxe3 7. Qxe3 Nf6 8. d4 b5 9. Nd2 Na6 10. cxb5 cxb5 11. Bxb5+ Nd7 12. Bxa6 Qb6 13. Bc4 g6 14. Bxf7+ Kd8 15. 0-0 Nf6 16. Nc4 Qc7 17. Ne5 Rb8 18. Rac1 Qd6 19. Bxg6 hxg6 20. Nf7+ Kd7 21. Nxd6 Ng4 22. Qf4 Nxh2 23. Nf7 Nxf1 24. Nxh8 Bh6 25. Qc7+ 1-0

[Event "Santpedor op 5th"]
[Site "Santpedor"]
[Date "2001.??.??"]
[Round "3"]
[White "Franch Bessa, Julia"]
[Black "Lopez Martinez, Ignacio"]
[Result "0-1"]
[WhiteElo "1840"]
[BlackElo "1985"]
[PlyCount "54"]
[EventDate "2001.09.14"]
[EventType "swiss"]
[EventRounds "7"]
[EventCountry "ESP"]
[SourceTitle "EXT 2003"]
[Source "ChessBase"]
[SourceDate "2002.11.25"]
[SourceVersion "1"]
[SourceVersionDate "2002.11.25"]
[SourceQuality "1"]

1. Nf3 c5 2. c4 b5 3. e3 Nf6 4. b3 g6 5. Bb2 Bg7 6. d4 bxc4 7. Bxc4 0-0 8. 0-0 d5 9. Bd3 Na6 10. a3 Rb8 11. Qc2 Qb6 12. dxc5 Qxb3 13. Bd4 Qxc2 14. Bxc2 Ne4 15. Bxe4 dxe4 16. Nfd2 Nxc5 17. Bxg7 Kxg7 18. Rc1 Nd3 19. Rc7 Bf5 20. Rxe7 Rfc8 21. h3 Rc1+ 22. Kh2 Rb2 23. g4 Be6 24. Rxa7 Nxf2 25. a4 Rxd2 26. Nxd2 Rxa1 27. Kg3 Ra2 0-1

[Event "Santpedor op 5th"]
[Site "Santpedor"]
[Date "2001.??.??"]
[Round "2"]
[White "Xandri Rosell, Miquel"]
[Black "Franch Bessa, Julia"]
[Result "0-1"]
[WhiteElo "1740"]
[BlackElo "1840"]
[PlyCount "70"]
[EventDate "2001.09.14"]
[EventType "swiss"]
[EventRounds "7"]
[EventCountry "ESP"]
[SourceTitle "EXT 2003"]
[Source "ChessBase"]
[SourceDate "2002.11.25"]
[SourceVersion "1"]
[SourceVersionDate "2002.11.25"]
[SourceQuality "1"]

1. d4 Nf6 2. c4 c5 3. d5 e6 4. Nc3 exd5 5. cxd5 d6 6. Nf3 g6 7. g3 Bg7 8. Bg2 0-0 9. 0-0 Re8 10. Bf4 Nh5 11. Qd2 Nxf4 12. Qxf4 a6 13. a4 Qc7 14. Qd2 Nd7 15. Rfe1 Nf6 16. h3 Bd7 17. b3 Ne4 18. Nxe4 Bxa1 19. Neg5 Bg7 20. Qf4 Re7 21. Nh2 Rae8 22. e3 h6 23. Ne4 Re5 24. h4 h5 25. Nf6+ Bxf6 26. Qxf6 b5 27. Nf3 Rf5 28. Qb2 bxa4 29. e4 Rxf3 30. Bxf3 Rb8 31. Bd1 Qa5 32. Re3 c4 33. Qf6 axb3 34. Qxd6 Rb7 35. f4 Qd2 0-1